000 00897nam a22001937a 4500
003 BDDh-ASL
005 20231015031007.0
008 220814s1986 b ||||| |||| 00| 0 b d
040 _cBDDh-ASL
082 _a922.97
_bABB
100 1 _96401
_aআবদুল্লাহ, মুহাম্মদ
_cডঃ
245 1 0 _aবাংলাদেশের খ্যাতনামা আরবীবিদ:
_b১৮০১-১৯৭১ /
246 _aBangladesher Kheyatonama Aarabibid: 1801-1971.
260 _aঢাকা:
_bইসলামিক ফাউন্ডেশন বাংলাদেশ,
_c১৯৮৬।
300 _a২৯৭ পৃষ্ঠা,
_c২২ সে.মি.
504 _aগ্রন্থপঞ্জি ও নির্ঘণ্ট সংযুক্ত ।
650 0 _96408
_aArabic scholar (আরবিবিদ)
_xArabic (আরবি)
942 _2ddc
_cBK
999 _c29058
_d29058